[Event "110th Anniversary WIM 2020"]
[Site "Hilleroed"]
[Date "2020.02.10"]
[Round "4.3"]
[White "Kakulidis, Ellen"]
[Black "Nilssen, Ellen Fredericia"]
[Result "1/2-1/2"]
[WhiteElo "2052"]
[BlackElo "2065"]
[Annotator "NA RC"]
[PlyCount "62"]
[EventDate "2020.02.08"]
[EventType "tourn"]
[EventCountry "DEN"]
[SourceTitle "playchess.com"]
[Source "ChessBase"]
[SourceQuality "1"]
[TimeControl "40/5400+30:1800+30"]

{[%evp 26,62,49,54,39,32767,32767,14,35,13,30,13,8,-1,0,-8,8,0,0,0,0,0,10,10,37,32767,37,21,43,33,42,30,21,22,29,32,25,27,24]} 1. d4 {[%emt 0:00:00]} Nf6 {[%emt 0:00:00]} 2. Nf3 {[%emt 0:00:00]} g6 {[%emt 0:00:00]} 3. Nbd2 {[%emt 0:00:00]} c5 {[%emt 0:00:54]} 4. dxc5 {[%emt 0:00:00]} Qa5 {[%emt 0:00:49]} 5. a3 {[%emt 0:00:01]} Qxc5 {[%emt 0:01:44]} 6. b4 {[%emt 0:00:08] A48: 1 d4 Nf6 2 Nf3 g6: Torre, London and Colle Systems.} Qc7 {[%emt 0:00:29]} 7. Bb2 {[%emt 0:00:13]} Bg7 {[%emt 0:00:14]} 8. c4 {[%emt 0:00:20]} O-O {[%emt 0:05:32]} 9. g3 {[%emt 0:01:57]} a5 {[%emt 0:06:33]} 10. Bg2 {[%emt 0:04:41]} d6 {[%emt 0:12:57]} 11. O-O {[%emt 0:10:58]} axb4 {[%emt 0:03:56]} 12. axb4 {[%emt 0:02:40]} Rxa1 {[%emt 0:00:10]} 13. Qxa1 {[%emt 0:06:11]} Na6 {[%emt 0:08:13]} 14. Qa3 {[%emt 0:04:39] [#]} Bd7 $146 {[%emt 0:10:04]} ({Predecessor:} 14... Qb6 15. Rb1 Bf5 16. Bd4 Qc7 17. Rc1 Ne4 18. e3 Rc8 19. Nb3 e5 20. Bb2 Qb6 {1-0 (42) Engelmann,J (2195)-Schoene,M (2191) Germany 2010}) 15. Bd4 {[%emt 0:13:15]} Rc8 {[%emt 0:03:55]} 16. Rb1 {[%emt 0:19:57]} Bf5 {[%emt 0:02:39]} 17. Rc1 {[%emt 0:05:56]} e5 {[%emt 0:05:51]} 18. Bb2 {[%emt 0:00:59]} Qb6 {[%emt 0:00:46]} 19. c5 {[%emt 0:09:37]} Qxb4 {[%emt 0:12:48]} 20. cxd6 {[%emt 0:00:42]} Qxa3 {[%emt 0:02:03]} 21. Bxa3 {[%emt 0:00:01]} Rxc1+ {[%emt 0:00:27]} 22. Bxc1 {[%emt 0:00:02]} Ne8 {[%emt 0:01:09]} 23. Nh4 {[%emt 0:01:21]} Nxd6 {[%emt 0:03:32]} 24. Nxf5 {[%emt 0:00:09]} Nxf5 {[%emt 0:02:49]} 25. Bxb7 {[%emt 0:00:23]} Nc5 {[%emt 0:00:08]} 26. Ba8 {[%emt 0:02:22]} Bh6 {[%emt 0:02:07]} 27. Kf1 {[%emt 0:02:46]} Bf8 {[%emt 0:00:33]} 28. Ne4 {[%emt 0:01:14]} Nxe4 {[%emt 0:00:23]} 29. Bxe4 {[%emt 0:00:07]} Nd6 {[%emt 0:00:05]} 30. Bd5 {[%emt 0:00:18]} Kg7 {[%emt 0:00:51]} 31. Bb2 $11 {[%emt 0:01:09]} f6 {[%emt 0:00:07]} 1/2-1/2

[Event "110th Anniversary WIM 2020"]
[Site "Hilleroed"]
[Date "2020.02.10"]
[Round "4.4"]
[White "Baliuniene, Margarita"]
[Black "Berke, Ana"]
[Result "1/2-1/2"]
[WhiteElo "1982"]
[BlackElo "2152"]
[Annotator "ChessBase"]
[PlyCount "80"]
[EventDate "2020.02.08"]
[EventType "tourn"]
[EventCountry "DEN"]
[SourceTitle "playchess.com"]
[Source "ChessBase"]
[SourceQuality "1"]
[TimeControl "40/5400+30:1800+30"]

1. d4 {[%emt 0:00:00]} Nf6 {[%emt 0:00:00]} 2. Nf3 {[%emt 0:00:00]} e6 {[%emt 0:00:00]} 3. c4 {[%emt 0:00:00]} c5 {[%emt 0:00:02]} 4. d5 {[%emt 0:00:11]} b5 {[%emt 0:00:06]} 5. e3 {[%emt 0:02:14]} Bb7 {[%emt 0:03:02]} 6. cxb5 {[%emt 0:04:02]} Nxd5 {[%emt 0:01:17]} 7. Nc3 {[%emt 0:01:16]} Be7 {[%emt 0:03:35]} 8. Nxd5 {[%emt 0:02:10]} Bxd5 {[%emt 0:00:25]} 9. Bd2 {[%emt 0:00:32]} a6 {[%emt 0:07:48]} 10. Bc3 {[%emt 0:04:09]} Bf6 {[%emt 0:01:45]} 11. Qc2 {[%emt 0:01:44]} O-O {[%emt 0:06:14]} 12. e4 {[%emt 0:02:56]} Bxc3+ {[%emt 0:02:39]} 13. bxc3 {[%emt 0:00:05]} Bb7 {[%emt 0:01:05]} 14. Be2 {[%emt 0:01:06]} axb5 {[%emt 0:01:36]} 15. Bxb5 {[%emt 0:02:04]} Qa5 {[%emt 0:02:04]} 16. Bd3 {[%emt 0:02:39]} c4 {[%emt 0:02:41]} 17. Bxc4 {[%emt 0:16:18]} Rc8 {[%emt 0:01:13]} 18. Nd2 {[%emt 0:02:37]} d5 {[%emt 0:03:36]} 19. exd5 {[%emt 0:00:51]} exd5 {[%emt 0:01:14]} 20. Bd3 {[%emt 0:00:58]} Re8+ {[%emt 0:02:01]} 21. Kf1 {[%emt 0:02:46]} g6 {[%emt 0:03:07]} 22. Nb3 {[%emt 0:05:35]} Qc7 {[%emt 0:01:50]} 23. h4 {[%emt 0:02:13]} Nd7 {[%emt 0:05:25]} 24. Kg1 {[%emt 0:13:07]} Ne5 {[%emt 0:04:34]} 25. h5 {[%emt 0:01:52]} Nxd3 {[%emt 0:03:21]} 26. Qxd3 {[%emt 0:00:20]} Rxa2 {[%emt 0:01:41]} 27. Rd1 {[%emt 0:07:14]} d4 {[%emt 0:17:52]} 28. Qxd4 {[%emt 0:10:28]} Rae2 {[%emt 0:03:26]} 29. Rf1 {[%emt 0:04:43]} Qc6 {[%emt 0:06:59]} 30. Rh2 {[%emt 0:01:07]} Re1 {[%emt 0:03:08]} 31. Nd2 {[%emt 0:01:00]} Ba6 {[%emt 0:01:19]} 32. c4 {[%emt 0:01:31]} Rxf1+ {[%emt 0:02:11]} 33. Nxf1 {[%emt 0:02:52]} Bxc4 {[%emt 0:00:41]} 34. Ne3 {[%emt 0:00:54]} Ba6 {[%emt 0:02:45]} 35. Rh3 {[%emt 0:01:09]} Qe4 {[%emt 0:03:45]} 36. Qxe4 {[%emt 0:03:00]} Rxe4 {[%emt 0:00:05]} 37. hxg6 {[%emt 0:00:10]} fxg6 {[%emt 0:01:53]} 38. Rg3 {[%emt 0:00:23]} Ra4 {[%emt 0:00:44]} 39. Rg5 {[%emt 0:00:38]} Kg7 {[%emt 0:00:20]} 40. Rc5 {[%emt 0:00:16]} h5 {[%emt 0:01:09]} 1/2-1/2

[Event "110th Anniversary WIM 2020"]
[Site "Hilleroed"]
[Date "2020.02.10"]
[Round "4.5"]
[White "Guindy, Esmat Susanne"]
[Black "Kejzar, Petra"]
[Result "1-0"]
[WhiteElo "2143"]
[BlackElo "2072"]
[Annotator "TA"]
[PlyCount "109"]
[EventDate "2020.02.08"]
[EventType "tourn"]
[EventCountry "DEN"]
[SourceTitle "playchess.com"]
[Source "ChessBase"]
[SourceQuality "1"]

{[%evp 9,109,-1,46,31,40,40,70,72,89,77,78,69,69,68,103,89,82,68,81,74,91,56,71,53,83,68,68,49,161,148,160,151,147,164,384,381,374,282,276,289,281,276,290,186,188,190,194,193,208,190,193,193,185,189,200,200,352,334,350,350,364,360,500,506,832,804,995,979,979,970,1331,949,895,885,5177,851,1335,1317,1315,1289,1275,1262,1224,1169,1172,1108,775,683,658,617,1209,1126,29981,29982,29982,29983,29985,29986,29989,29988,29988,29989]} 1. c4 e5 2. g3 d6 3. Nc3 Be6 4. Bg2 c6 5. b3 Be7 6. e4 {A21: English Opening: 1...e5 2 Nc3.} Na6 7. Nge2 {[#]} h5 $146 ({Predecessor:} 7... Qd7 8. h3 f5 9. d4 Nf6 10. d5 cxd5 11. cxd5 Bf7 12. exf5 b5 13. a3 O-O {0-1 (33) Scherer,M (2265)-Schlenker,J (2158) Sasbach 2018}) 8. h3 {White is slightly better.} h4 {[#]} 9. g4 $1 Bg5 10. d4 Bxc1 11. Rxc1 Qf6 12. Qd2 g5 13. d5 Bd7 14. dxc6 bxc6 15. Rd1 Rh6 16. Na4 Nc7 17. c5 {[%cal Rc5d6]} d5 $1 18. Qa5 $36 {[%mdl 2048] White is pushing.} Rc8 (18... Qd8 $1 $14) 19. Qxa7 $18 {aiming for Nb6.} Nb5 {[#]} 20. Qa5 $1 d4 21. Nb6 Rc7 $2 (21... Rd8 {is a better defense.} 22. a4 Nc7) 22. a4 Ra7 23. Nxd7 Rxa5 24. Nxf6+ Nxf6 25. axb5 Rxb5 26. Kd2 Nd7 27. Rb1 Nxc5 28. Nc1 Kd7 29. b4 Rh8 30. Nb3 Ne6 31. Bf1 Rb6 32. Bc4 Nc7 $2 (32... Nf4 33. Nc5+ Kd6) 33. Nc5+ Kd6 34. Nd3 ({Resist} 34. Bxf7 Rhb8 $18) 34... f6 35. Ra1 Nb5 36. Bxb5 cxb5 (36... Rxb5 $142 37. Rhc1 Rf8) 37. Ra7 Re8 38. Nc5 Re7 39. Rha1 Rc7 40. R1a6 Rxa6 41. Rxa6+ {[%mdl 4096] Endgame KRN-KR} Rc6 42. Ra8 (42. Nb7+ $142 Kc7 43. Rxc6+ Kxc6 44. Na5+ Kd6 45. Kd3) 42... Kc7 43. Rf8 Rb6 44. Rf7+ Kc8 45. f3 Rc6 46. Ra7 Rb6 47. Ra8+ Kc7 48. Re8 Rc6 49. Kd3 Kd6 50. Rb8 Rxc5 51. bxc5+ {White mates.} Kxc5 52. Rf8 Kb4 53. Rxf6 Ka3 54. Re6 b4 55. Rxe5 {Accuracy: White = 81%, Black = 48%.} 1-0

[Event "110th Anniversary WIM 2020"]
[Site "Hilleroed"]
[Date "2020.02.11"]
[Round "5.1"]
[White "Nilssen, Ellen Fredericia"]
[Black "Zaritovskaja, Margarita"]
[Result "0-1"]
[WhiteElo "2065"]
[BlackElo "2022"]
[Annotator "NA RC"]
[PlyCount "138"]
[EventDate "2020.02.08"]
[EventType "tourn"]
[EventCountry "DEN"]
[SourceTitle "playchess.com"]
[Source "ChessBase"]
[SourceQuality "1"]
[TimeControl "40/5400+30:1800+30"]

{[%evp 8,138,58,47,43,53,77,62,62,58,72,59,68,67,67,33,39,15,47,34,62,57,69,48,79,44,75,48,55,51,64,25,105,76,80,90,100,56,131,94,114,-42,110,88,174,164,200,283,32767,32767,32767,32767,32767,32767,32767,32767,32767,32767,32767,54,46,50,56,36,69,68,77,66,147,33,44,65,60,41,54,20,36,44,56,-243,-272,-260,-268,-270,-275,-233,-274,-244,-270,-269,-246,-295,-276,-381,-175,-173,-174,-173,-172,-185,-272,-173,-208,-428,-1016,-1201,-1229,-1169,-1583,-885,-6680,-950,-5551,-1657,-29960,-5531,-6536,-1676,-6443,-29965,-11689,-29978,-29979,-29975,-29981,-29980,-29982,-29982,-29983,-29982,-29984,-29984,-29984]} 1. d4 {[%emt 0:00:00]} Nf6 {[%emt 0:00:00]} 2. Nf3 {[%emt 0:00:08]} c5 {[%emt 0:00:06]} 3. d5 {[%emt 0:01:06]} g6 {[%emt 0:01:15]} 4. Nc3 {[%emt 0:00:49]} d6 {[%emt 0:01:09]} 5. e4 {[%emt 0:00:10]} Bg7 {[%emt 0:00:36]} 6. Bb5+ {[%emt 0:00:12]} Nbd7 {[%emt 0:02:08]} 7. a4 {[%emt 0:00:14]} O-O {[%emt 0:01:37]} 8. O-O {[%emt 0:00:13]} a6 {[%emt 0:02:19]} 9. Be2 {[%emt 0:00:53]} Rb8 {[%emt 0:02:30]} 10. Re1 {[%emt 0:05:37]} Ne8 {[%emt 0:04:15] [#] A43: Schmid Benoni.} 11. Bd2 $146 {[%emt 0:05:36]} ({Predecessor:} 11. Bf4 b6 12. Qd2 Nc7 13. Bh6 Bxh6 14. Qxh6 f6 15. Nd2 Ne5 16. f4 Nf7 17. Qh4 b5 18. axb5 axb5 {0-1 (37) Iturrizaga Bonelli,E (2639)-Granda Zuniga,J (2647) Mar del Plata 2012}) 11... Nc7 {[%emt 0:05:12]} 12. Qc1 {[%emt 0:06:13]} Re8 {[%emt 0:14:21]} 13. Bh6 {[%emt 0:13:42]} Bh8 {[%emt 0:00:45]} 14. a5 {[%emt 0:08:51]} b5 {[%emt 0:10:47]} 15. axb6 $1 {[%emt 0:12:40]} Rxb6 {[%emt 0:02:00]} 16. Nd2 {[%emt 0:00:32]} Ne5 {[%emt 0:03:53]} 17. Bf4 {[%emt 0:02:20]} Rb8 {[%emt 0:09:46]} 18. Nb3 {[%emt 0:08:35]} Nb5 {[%emt 0:06:20]} 19. Nd1 {[%emt 0:02:02]} Qb6 {[%emt 0:10:27]} (19... Nd4 $11) 20. Bxe5 {[%emt 0:06:20]} Bxe5 {[%emt 0:00:48]} 21. Na5 {[%emt 0:00:18]} Nd4 {[%emt 0:06:12]} 22. Bf1 {[%emt 0:05:42]} Qa7 {[%emt 0:05:47]} (22... e6 $14) 23. Ra3 {[%emt 0:04:14]} Bd7 {[%emt 0:01:58]} 24. Ne3 $2 {[%emt 0:04:20]} ({White should play} 24. Qd2 $16) 24... Bg7 $2 {[%emt 0:04:17]} (24... Ne2+ $15 {keeps the upper hand.} 25. Bxe2 Bxb2 {[%mdl 64] Double Attack}) 25. Qa1 {[%emt 0:03:48]} Rxb2 {[%emt 0:02:24]} (25... Bh6 $16) 26. c3 {[%emt 0:00:46]} ({Stronger than} 26. Qxb2 Nf3+ 27. gxf3 Bxb2 $17) 26... Nc2 {[%emt 0:00:52]} 27. Qxb2 {[%emt 0:00:12]} Nxe1 {[%emt 0:00:03]} 28. Qd2 {[%emt 0:00:24]} Nxg2 {[%emt 0:00:30]} 29. Nxg2 {[%emt 0:00:20]} Qc7 {[%emt 0:00:37]} 30. Ne3 {[%emt 0:03:17]} Rb8 {[%emt 0:00:50]} 31. Rb3 {[%emt 0:00:27]} Rxb3 {[%emt 0:00:20]} 32. Nxb3 {[%emt 0:00:02]} Qb6 {[%emt 0:00:13]} 33. Nc1 {[%emt 0:02:08]} Qb1 {[%emt 0:00:41]} 34. Bxa6 {[%emt 0:00:36]} Qxe4 {[%emt 0:00:19]} 35. Bf1 {[%emt 0:01:27]} f5 {[%emt 0:00:46]} 36. Ng2 {[%emt 0:01:17]} Be5 {[%emt 0:01:06]} 37. c4 {[%emt 0:00:46]} f4 {[%emt 0:00:34] [#]} ({Black should try} 37... Qb1 $14) 38. Bd3 {[%emt 0:00:57]} (38. Qd3 $1 $16 {[%cal Rd3e4]} Qf5 39. Qxf5 Bxf5 40. Nd3) 38... Qf3 {[%emt 0:00:11]} 39. Be2 {[%emt 0:00:18]} Qh3 $1 {[%emt 0:00:22]} 40. f3 {[%emt 0:01:36]} g5 {[%emt 0:00:55]} 41. Nd3 {[%emt 0:07:12]} Bd4+ {[%emt 0:00:55]} 42. Kh1 {[%emt 0:00:06]} Bf5 {[%emt 0:12:16]} 43. Nde1 $2 {[%emt 0:01:20] [#]} (43. Qd1 $14) 43... Bf2 $1 {[%emt 0:03:51]} 44. Bd3 {[%emt 0:11:42]} Bg3 $1 {[%emt 0:02:42]} 45. Nxf4 {[%emt 0:00:34]} Bxf4 {[%emt 0:01:42]} ({Weaker is} 45... gxf4 46. Qg2 $15) 46. Qg2 {[%emt 0:00:28] [#]} Qh4 $1 {[%emt 0:09:10]} 47. Bxf5 {[%emt 0:00:13]} Qxe1+ {[%emt 0:00:04]} 48. Qg1 {[%emt 0:00:07]} Qe2 {[%emt 0:00:30]} 49. Bg4 {[%emt 0:05:29]} Qxc4 {[%emt 0:00:36]} 50. Qe1 {[%emt 0:01:22]} (50. Be6+ $142 Kg7 51. Kg2) 50... Qc1 {[%emt 0:01:19]} (50... Qc2 $142 {[%csl Gf4][%cal Rc2h2]} 51. Kg1 Qxh2+ 52. Kf1 Be5) 51. Qxc1 {[%emt 0:00:47]} Bxc1 {[%emt 0:00:04]} 52. Kg2 {[%emt 0:01:10]} Kg7 {[%emt 0:00:23]} 53. Bf5 {[%emt 0:00:49]} h5 {[%emt 0:00:48]} 54. Kf2 {[%emt 0:00:59]} Kf6 {[%emt 0:00:34]} 55. Be4 $2 {[%emt 0:00:24]} (55. Be6 {was worth a try.}) 55... e6 {[%emt 0:01:08]} 56. Ke2 {[%emt 0:01:37]} exd5 {[%emt 0:00:21]} 57. Bxd5 {[%emt 0:00:09]} Ke5 {[%emt 0:00:12]} 58. Bf7 {[%emt 0:00:31]} h4 {[%emt 0:00:19]} 59. Kd3 {[%emt 0:00:33]} d5 {[%emt 0:00:18]} 60. h3 {[%emt 0:00:27]} c4+ {[%emt 0:01:31]} 61. Kc3 {[%emt 0:00:10]} Ba3 {[%emt 0:01:00]} 62. Bg8 {[%emt 0:01:25]} Kd6 {[%emt 0:00:26]} 63. Bf7 {[%emt 0:01:10]} Kc5 {[%emt 0:00:08]} 64. Bg8 {[%emt 0:00:23]} Bb4+ {[%emt 0:00:35]} 65. Kc2 {[%emt 0:00:07]} d4 {[%emt 0:00:36]} 66. Bh7 {[%emt 0:00:09]} d3+ {[%emt 0:00:18]} 67. Bxd3 {[%emt 0:00:45]} cxd3+ {[%emt 0:00:03]} 68. Kxd3 {[%emt 0:00:10]} Kd5 {[%emt 0:00:12]} 69. Ke3 {[%emt 0:00:04]} Bc5+ {[%emt 0:03:18] Kd4+ Ke5+} 0-1

[Event "110th Anniversary WIM 2020"]
[Site "Hilleroed"]
[Date "2020.02.11"]
[Round "5.2"]
[White "Miturova, Magdalena"]
[Black "Nastase, Andreea-Cristina"]
[Result "1-0"]
[WhiteElo "2185"]
[BlackElo "2090"]
[Annotator "TA"]
[PlyCount "107"]
[EventDate "2020.02.08"]
[EventType "tourn"]
[EventCountry "DEN"]
[SourceTitle "playchess.com"]
[Source "ChessBase"]
[SourceQuality "1"]

{[%evp 9,107,41,33,-9,-2,-32,-43,-45,-32,-42,-22,-43,-18,-28,-29,-46,-17,-16,-12,-27,-27,-42,0,-29,-13,-31,0,-33,-34,-50,0,0,0,-22,13,28,26,30,136,135,187,188,200,112,230,230,205,220,227,217,220,207,310,323,306,314,416,416,586,572,574,557,627,391,12833,12834,12838,12839,12841,12842,12840,12835,12836,2294,12838,12839,12839,12839,12840,12840,12841,12841,12844,12841,12841,12842,12842,12842,12844,12843,12846,12843,12844,12844,12845,12845,12845,12846,12848,12846]} 1. Nf3 d5 2. g3 c5 3. Bg2 Nc6 4. d4 Bg4 5. dxc5 e6 {[#]} 6. a3 $146 {D02: 1 d4 d5 2 Nf3 sidelines, including 2...Nf6 3 g3 and 2...Nf6 3 Bf4.} ({Predecessor:} 6. O-O Bxc5 7. c4 Nf6 8. cxd5 Nxd5 9. h3 Bh5 10. a3 a5 11. e4 Nf6 12. Nc3 O-O {½-½ (96) Shtembuliak,E (2420)-Nazaretyan,T (2301) Minsk 2015}) 6... Bxc5 7. b4 Be7 8. Bb2 {Black is slightly better.} Bf6 9. Bxf6 Nxf6 10. Nbd2 b5 11. O-O O-O 12. Nb3 Bxf3 13. exf3 a5 14. Qe2 Qb6 15. c3 Rac8 16. f4 Rfd8 17. Rfd1 g6 18. Rd3 a4 19. Nc5 Ne7 20. Bh3 Rc6 21. g4 Rxc5 22. bxc5 Qxc5 23. f5 Ne4 (23... exf5 $11 24. gxf5 gxf5) 24. fxe6 $16 fxe6 (24... f6 $16 25. Qe3 Rc8) 25. Bg2 $36 {[%mdl 2048] White is really pushing.} Rf8 {[%cal Rf8f2]} 26. Rf1 ({White should try} 26. Qe3 $18) 26... Qc6 (26... Rf4 $16) 27. Bxe4 $1 dxe4 28. Rd4 Rf4 29. c4 bxc4 30. Rxc4 ({Much less strong is} 30. Qxc4 $6 Rxg4+ 31. Kh1 Rf4) 30... Qd5 (30... Rxg4+ {was called for.} 31. Qxg4 Qxc4) 31. h3 Rf3 32. Qxe4 Qxe4 33. Rxe4 Rxa3 (33... Kf7 $142 34. Rxa4 Nd5) 34. Rxe6 {[%mdl 4096] Endgame KRR-KRN} Kf7 35. Ra6 Rxh3 36. Rxa4 h5 $2 {[#]} (36... Rd3 37. Ra7 Rd6) 37. Re1 {White is clearly winning.} Nc6 38. Rc4 Na5 39. Rf4+ Kg7 40. Ra4 Nc6 41. Ra6 (41. Re6 $142 Nd8 42. Rb6) 41... Nd8 42. Re7+ Nf7 43. Ree6 Nh8 44. g5 Rf3 45. Rf6 Rxf6 46. Rxf6 {KR-KN} Nf7 47. f4 Nh6 48. Ra6 Ng4 49. Ra7+ Kf8 50. Kg2 Ne3+ 51. Kf3 Nf5 52. Ke4 h4 53. Ke5 Ng7 54. Ra6 {Accuracy: White = 80%, Black = 48%.} 1-0

[Event "110th Anniversary WIM 2020"]
[Site "Hilleroed"]
[Date "2020.02.11"]
[Round "5.3"]
[White "Stanford, Sheila Barth"]
[Black "Guindy, Esmat Susanne"]
[Result "1-0"]
[WhiteElo "2145"]
[BlackElo "2143"]
[Annotator "TA"]
[PlyCount "101"]
[EventDate "2020.02.08"]
[EventType "tourn"]
[EventCountry "DEN"]
[SourceTitle "playchess.com"]
[Source "ChessBase"]
[SourceQuality "1"]

{[%evp 9,101,-9,-13,-21,-10,-22,-15,-15,-14,0,21,28,29,48,37,0,10,-20,-16,-16,17,-24,-22,-24,69,45,40,47,58,53,51,54,38,0,61,-40,66,0,79,83,139,141,252,262,250,253,287,288,387,417,504,520,522,519,527,524,495,492,397,271,261,244,556,557,542,524,579,569,504,504,742,712,890,836,597,530,2061,1987,1538,1379,773,715,6481,6172,5683,5445,4921,4221,1531,1408,29979,29980,29975,29974]} 1. e4 e6 2. Nf3 d5 3. e5 c5 4. b4 cxb4 5. a3 Qa5 6. d4 {C00: French: Unusual White 2nd moves.} Nc6 7. Bd3 Nh6 8. O-O {The position is equal.} Nf5 9. Bb2 {[#]} Be7 $146 ({Predecessor:} 9... Qd8 10. axb4 Bxb4 11. c3 Be7 12. Bc1 O-O 13. g4 Nh4 14. Nxh4 Bxh4 15. f4 Be7 {1-0 (32) Roebuck,D (2270)-Berza,S (2304) ICCF email 2015}) 10. axb4 Qxb4 {[%mdl 64] Double Attack} 11. Ba3 Qb6 12. c3 {[%mdl 1024] White has compensation.} Bd7 13. g4 Nh6 14. h3 Rc8 15. Re1 a6 16. Nbd2 {[%cal Bb1d2,Bd2b3,Bb3c5][%mdl 32]} O-O (16... Bxa3 $11 17. Rxa3 Ng8) 17. Nb3 Bxa3 18. Rxa3 Na7 19. Nc5 Rxc5 20. dxc5 Qxc5 21. Qa1 f6 (21... f5 $11 22. exf6 Rxf6) 22. Ra2 (22. Qb2 $1 $14) 22... Bb5 (22... f5 $1 $15 23. g5 Nf7) 23. Qb1 ({White should play} 23. Bxb5 $1 $14 Nxb5 24. exf6) 23... Bxd3 (23... f5 $1 $11 {keeps the balance.}) 24. Qxd3 $16 {And now Nd4 would win.} Nb5 ({Better is} 24... f5) 25. Nd4 Qxc3 (25... Nxd4 $16 {might work better.} 26. cxd4 (26. Qxd4 Qc6 $14) 26... Qe7) 26. Qxc3 $18 Nxc3 {[#]} 27. Rc2 $1 {[%cal Rc2c3]} Ne4 28. Nxe6 Re8 29. Nc7 Rc8 30. e6 Nd6 31. Rcc1 d4 32. Red1 Kf8 33. Rxd4 Ke7 34. Rcd1 {Black must now prevent Nd5+.} Rxc7 35. Rxd6 {[%mdl 4096] Endgame KRR-KRN} Rc4 $2 (35... Rc1 {is tougher.} 36. Rxc1 Kxd6) 36. Rb6 Rc7 37. f4 g6 {[#]} 38. Rd7+ $1 {[%mdl 576] Decoy} Rxd7 39. exd7 Kxd7 40. Rxb7+ {KR-KN} Ke6 41. Rb6+ Kf7 42. Rxa6 Kg7 43. Kf2 Nf7 44. Ra7 Kg8 45. Kf3 f5 46. gxf5 gxf5 47. Ra5 Nh6 48. Kg3 Kg7 49. Kh4 Kg6 50. Ra6+ Kg7 51. Kg5 {Accuracy: White = 73%, Black = 40%.} 1-0

[Event "110th Anniversary WIM 2020"]
[Site "Hilleroed"]
[Date "2020.02.11"]
[Round "5.4"]
[White "Berke, Ana"]
[Black "Kakulidis, Ellen"]
[Result "1/2-1/2"]
[WhiteElo "2152"]
[BlackElo "2052"]
[Annotator "TA"]
[PlyCount "138"]
[EventDate "2020.02.08"]
[EventType "tourn"]
[EventCountry "DEN"]
[SourceTitle "playchess.com"]
[Source "ChessBase"]
[SourceQuality "1"]

{[%evp 17,138,0,0,-1,0,0,0,0,0,-11,-10,-22,-10,-40,-3,-53,0,0,-5,-10,-27,-104,-99,-114,-2,-12,-20,-121,-113,-144,-141,-178,-169,-171,-101,-116,-98,-143,-137,-193,-120,-191,-93,-98,-106,-124,-101,-192,-197,-192,-189,-188,-139,-127,-71,-70,-45,-45,-70,-152,-152,-180,-85,-168,-38,-38,-18,-79,-79,-81,0,0,0,0,0,0,0,-337,0,0,0,0,0,0,0,0,0,0,0,0,0,0,0,0,0,0,0,0,0,0,0,0,0,0,0,0,0,0,0,0,0,0,0,0,0,0,0,0,0,0,0,0,0]} 1. b3 d5 2. Bb2 e6 3. e3 Nf6 4. Nf3 Bd6 5. d4 b6 6. Bd3 Bb7 7. O-O Nbd7 8. Ne5 O-O 9. Nd2 Ne4 10. f3 {D05: Colle System with ...e6.} Nxd2 11. Qxd2 c5 12. Rad1 Rc8 {[#]} 13. c4 $146 ({Predecessor:} 13. f4 Rc7 14. Qf2 cxd4 15. Nxd7 Rxd7 16. Bxd4 f6 17. Qh4 g6 18. Qg4 Re7 19. Kh1 {½-½ (50) Kozlov,V (2412)-Werten,T (2426) ICCF email 2017}) 13... cxd4 14. exd4 Qe7 15. Kh1 Nf6 16. Qf4 Ne8 (16... dxc4 $1 $15 17. bxc4 Nd7) 17. Qg4 g6 18. Rde1 Ng7 19. Qh3 (19. f4 $11 {keeps the balance.}) 19... Bxe5 $1 $17 20. Rxe5 Qb4 (20... Ba6 $1 $17 {[%cal Rd5c4]} 21. Re3 dxc4 22. bxc4 Rfd8) 21. Re2 $1 $11 Ba6 {[%cal Rd5c4]} 22. Qh6 (22. Qh4 $1 $11) 22... dxc4 $17 23. bxc4 Bxc4 24. d5 {[%csl Gb2][%cal Rh6g7]} f6 25. Qh4 e5 (25... Qb5 $19 26. Rc1 exd5) 26. d6 b5 27. d7 Rcd8 $1 28. Rd1 {[#]} (28. Rc2 $17) 28... Ne6 (28... Rf7 $1 $19 {[%cal Rf7d7]} 29. Rc1 Rdxd7 30. Bxc4 bxc4) 29. Bxc4 (29. a3 $17 Qc5 30. Bxc4 bxc4 31. Rc2) 29... Qxc4 (29... bxc4 $19 30. g3 Qb5) 30. Qxc4 bxc4 31. g3 Rf7 32. f4 (32. Rd6 $17 {might work better.} Nc7 33. Rc6 Rfxd7 34. Kg2) 32... Rfxd7 $19 33. Rxd7 Rxd7 34. fxe5 {[%mdl 4096] Endgame KRB-KRN} Rd1+ 35. Kg2 fxe5 (35... f5 $142 36. Rc2 Kf7) 36. Bxe5 $17 Nd4 37. Bxd4 $1 Rxd4 $15 {KR-KR} 38. Re8+ (38. Kf3 $15) 38... Kf7 $17 39. Rc8 Rd2+ (39... Ke6 $19 {is more deadly.} 40. Kf1 Kd7) 40. Kh3 (40. Kf3 $17) 40... Rxa2 (40... Rc2 $19 41. Rc7+ Ke6 42. Rxa7 c3) 41. Rxc4 $15 h5 42. Rc6 (42. g4 $1 $11 {remains equal.}) 42... a5 $17 43. Ra6 a4 (43... g5 $17) 44. g4 $11 hxg4+ 45. Kxg4 a3 46. Kg3 $1 Ra1 (46... g5 $5 {[%cal Ra2a1]}) 47. Kg2 $2 {[%mdl 8192] [#]} (47. h4 $1 $11 {and White stays safe.} a2 48. Kg2) 47... Kg7 $2 (47... g5 $1 $19 48. Ra5 a2) 48. h4 $1 {The position is equal.} Kh6 49. Ra5 $1 Ra2+ (49... a2 $5 50. Ra7 $8 Kh5 $11) 50. Kg3 Ra1 {White must now prevent ...a2.} 51. Kg2 Kg7 {Hoping for ...a2.} (51... a2 $5 52. Ra7 $8 Kh5 $11) 52. Ra6 Kf7 53. Kh2 a2 54. Kg2 Ke7 {Threatens to win with ...Ke8.} 55. Kh2 Kd7 56. Kg2 Kc7 57. Kh2 Kb7 (57... Kd8 {keeps more tension.} 58. Ra8+ Ke7 59. Kg2 Kf6 60. Ra5 Ke7) 58. Ra4 Kb6 59. Ra8 Kc5 {And now ...Kc4 would win.} 60. Kg2 $1 Kb4 61. Rb8+ Kc3 62. Rc8+ Kd4 63. Ra8 Ke4 64. Ra4+ Ke3 {aiming for ...Kd3.} 65. Ra3+ Kd4 66. Ra8 Ke4 67. Ra4+ Kd3 {...Kc3 is the strong threat.} 68. Ra8 Kc3 {Strongly threatening ...Kb2.} 69. Rc8+ Kd4 {Accuracy: White = 67%, Black = 71%.} 1/2-1/2